| 000 | 00696 a2200181 4500 | ||
|---|---|---|---|
| 003 | Nust | ||
| 005 | 20170207153621.0 | ||
| 020 | _a978-81-203-2643-9 | ||
| 040 | _cNust | ||
| 082 | _a621.319 | ||
| 100 | _aC.P Kuriakose | ||
| 245 |
_aCircuit Theory Continuous Discrete Time Systems,Elements Of Networks Synthesis _cC.P.Kuriakose |
||
| 260 |
_aNew Delhi _bPHI Learning Private Ltd _c2009 |
||
| 300 | _axix,507,p | ||
| 505 | _aFundamentals Concepts in Electrical Engineering (Page-1),Linear Time-invariant(LTI) Systems (Page-91), Advanced Topics in Network Analysis (Page-383),Elements of Network Synthesis (Page-431), | ||
| 538 | _aAlmirah No.45 Shelf No.2 | ||
| 650 | _aTelecommunication Engineering | ||
| 942 |
_2ddc _cBK |
||
| 999 |
_c189547 _d189547 |
||